| 000 | 00837cab a2200253 4500 | ||
|---|---|---|---|
| 001 | ABS48885 | ||
| 008 | 090401t1993 xxu||||| |||| 00| 0 eng d | ||
| 035 | _a(Sirsi) u68987 | ||
| 041 | _aeng | ||
| 245 | _aAlternative land use | ||
| 260 | _c1993 | ||
| 350 | _a0 | ||
| 490 |
_aFarm Development Review _v7(7) May 1993 (LOAN) |
||
| 520 | _aIncludes contributions on pricing of farm enterprises, deer farming, whether bed and breakfast is suffering a fall in popularity, holiday letting advice in the Dales, survey of franchising and selling after diversification. | ||
| 650 | _aDEER ENTERPRISES | ||
| 650 | _aFARM ACCOMMODATION | ||
| 650 | _aFARMING AND FARM DIVERSIFICATION | ||
| 650 | _aFRANCHISING | ||
| 650 | _aSPECIALITY FOODS | ||
| 650 | _aVENISION | ||
| 690 | _aRURAL PRACTICE | ||
| 942 | _n0 | ||
| 948 | _c04/03/1997 | ||
| 999 |
_c43323 _d43323 |
||